World Capitals Trivia II Quiz Stats

 Plays Quiz Updated Feb 26, 2016

Score 0/18 Timer 08:00
3 Plays Today
% Correct
Wellington, New Zealand
87.6%
Jerusalem, Israel
77.7%
Paris, France
69%
Sarajevo, Bosnia & Herzegovina
68.9%
Budapest, Hungary
61.6%
Buenos Aires, Argentina
58.3%
Mexico City, Mexico
53.2%
Vilnius, Lithuania
52.5%
Kinshasa, Dem. Rep. of Congo
52.4%
% Correct
Kathmandu, Nepal
48.2%
Bridgetown, Barbados
47.4%
Reykjavík, Iceland
44.8%
Dakar, Senegal
42.7%
Cairo, Egypt
32.7%
Asmara, Eritrea
29.3%
Manila, Philippines
28.8%
Jakarta, Indonesia
25.4%
Apia, Samoa
18.1%

You're not logged in!

Compare scores with friends on all Sporcle quizzes.
OR
Log In

Sporcle TV

Today on Sporcle TV


Watch our educational content, quiz creation guides, and fun videos on Sporcle TV.

Show Comments

Extras

Top Quizzes Today


Score Distribution

Your Account Isn't Verified!

In order to create a playlist on Sporcle, you need to verify the email address you used during registration. Go to your Sporcle Settings to finish the process.

Report this User

Report this user for behavior that violates our Community Guidelines.

Details: